Aulas inclusivas

Saved in:
Bibliografiske detaljer
Main Authors: Stainback, Susan (Author), Stainback, William (Author)
Format: Bog
Sprog:spansk
Udgivet: Madrid Narcea 1999
Serier:Colección Educación Hoy. Estudios
Fag:
Tags: Tilføj Tag
Ingen Tags, Vær først til at tagge denne postø!

MARC

LEADER 00000cam a2200000 a 4500
001 UCO3324
003 CL-VaPUC
008 000720e19990000SP |||||||||||||||||spa|d
020 |a 8427712472 
082 0 4 |a 371.9  |b STA  |2 21 
100 0 |a Stainback, Susan  |e author  |9 447401 
700 0 |a Stainback, William  |e author  |9 447402 
245 1 0 |a Aulas inclusivas 
300 |a 295 p 
942 |c BK 
945 |d 20000720 00:00:00  |a rbrito 
260 |a Madrid  |b Narcea  |c 1999 
650 0 |a Educación especial  |9 307486 
650 0 |a Integración escolar  |9 312238 
583 |a last modification  |c 20180828 02:21:12  |k Rodrigo Vera 
490 0 |a Colección Educación Hoy. Estudios 
999 |c 289784  |d 289782 
952 |0 0  |1 0  |4 0  |6 371_900000000000000_STA_1999  |7 0  |8 A  |9 338511  |a BIBEDU  |b BIBEDU  |c ES_NOD  |d 2019-11-20  |i 3630498  |o 371.9 STA 1999  |p 3630498  |r 2023-08-09  |w 2019-11-20  |y BK  |k EPE